000 00703nam a2200169 4500
001 3583
005 20181127171531.0
020 0 0 _a
090 0 0 _a324.23 D7949f 2013
245 0 0 _aFulfilment of pledges in pursuit of equity and justice :
_bFifth annual report of Lyonchhen Jigmi Yoezer Thinley on the State of the Nation /
_cDruk Phuensum Tshogpa.
_h
260 0 0 _a[Thimphu] :
_bDruk Phuensum Tshogpa,
_c2013.
300 0 0 _a66 p. ; 21 cm.
500 0 0 _a
650 0 0 _aBhutan --Politics and government --2008-2013.
_x
690 _aDruk Phuensum Tshogpa.
856 _a
_uhttp://www.cabinet.gov.bt/annual_report/Annual%20Report%202013%20VOLUME%202.pdf
_yFulfilment of pledges in pursuit of equity and justice
_z
_3
999 _c2919
_d2919